000 01065cam a2200253 a 4500
001 000006938
005 20200929154028.0
008 981124s1996 sp ab b 000 0 spa d
020 _a8478203389
040 _aDO-SdBNP
_cDLC
_dBNPHU
043 _ae-sp---
082 _a946.02
_bJ82j
111 2 _aJornadas de Estudio VI Centenario del Papa Luna
_c(1994 :
_dCalatayud and Illueca, Spain)
_919248
245 1 0 _aJornadas de Estudio VI Centenario del Papa Luna :
_bCalatayud-Illueca, 1994.
260 _aCalatayud (Zaragoza) :
_bCentro de Estudios Bilbilitanos, Institución "Fernando el Católico",
_c1996.
300 _a396 p. :
_bill., mapas ;
_c24 cm.
490 0 _aPublicaciones del centro de estudios bilbilitanos
_v54
504 _aIncluye referencias bibliográficas y notas al pie de las páginas
651 4 _aEspaña
_xHistoria
_y1328-1424
_vCONGRESOS
_919249
651 4 _aEspaña
_xHistoria Eclesiástica
_vCONGRESOS.
_919250
830 0 _aPublicaciones del centro de estudios bilbilitanos ;
_v54
_919251
910 _aCatalogación derivada
049 _aBNGR
999 _c6722
_d6722